Двенадцатая пятилетка (1986-1990): словарь-справочник

Detalles Bibliográficos
Autor Principal: Смирницкий Е. К. Евгений Константинович
Summary:Исключено из фонда НТБ ТПУ
Idioma:ruso
Publicado: Москва, Политиздат, 1986
Formato: MixedMaterials Libro
KOHA link:https://koha.lib.tpu.ru/cgi-bin/koha/opac-detail.pl?biblionumber=267437

MARC

LEADER 00000nam0a2200000 4500
001 267437
005 20231031223747.0
035 |a (RuTPU)RU\TPU\book\290494 
090 |a 267437 
100 |a 20140729d1986 km y0rusy5003 ca 
101 0 |a rus 
102 |a RU 
105 |a y eg 001zy 
200 1 |a Двенадцатая пятилетка (1986-1990)  |e словарь-справочник  |f Е. К. Смирницкий 
210 |a Москва  |c Политиздат  |d 1986 
215 |a 223 с. 
333 |a Исключено из фонда НТБ ТПУ 
700 1 |a Смирницкий  |b Е. К.  |g Евгений Константинович 
801 0 |a RU  |b RuMRKP  |c 19950417  |g psbo 
801 1 |a RU  |b 63413507  |c 20140729 
801 2 |a RU  |b 63413507  |c 20220303  |g RCR 
942 |c BK